LEADER 00869nam a2200217 i 4500 001 000000154248 003 CaOOAMICUS 005 20061017000000.0 008 061017s1957 it u000 u ita u 013 $a131594 040 $aSeMil$bita 100 1 $aAssociazione Scautista Cattolica Italiana : Esploratori d'Italia.$0(OLS)http://semarc/name/60366 245 10$aStatuto /$cA.S.C.I., Esploratori d'Italia. 260 $a[S.l. :$bs.n.],$c1957$e(Roma :$fArti grafiche Fratelli Palombi,$g1957) 300 $a19 p. ;$c17 cm. 650 4$aScoutismo - Regole e costituzioni.$0(OLS)http://semarc/subject/22810 850 $aSeMil 852 $aSeMil$W1$xVenegono$y1$m5A III 3/3$j106108$B106108$CSeMilBibl$Z2$F115546 $81 961 $aRecupero: Altro 996 $6245$aStatuto$9(OLS)http://semarc/title/172002 996 $6260$a[S.l. :$bs.n.]$9(OLS)http://semarc/publisher/29751 LEADER 01203nam a2200241 i 4500 001 000000185326 003 CaOOAMICUS 005 20100201000000.0 008 100201s1932 it u000 u ita u 013 $a163327 040 $aSeMil$bita 245 12$aL'anima in Dio :$boperetta ascetica fatta sullo studio del Trattato dell'Amor di Dio di S. Francesco di Sales. 260 $a[S.l.] :$bLibreria Editrice Vescovile,$c1932. 260 $aBrescia :$bQueriniana,$c1932. 300 $a196 p., [1] p. di tav. ;$c20 cm. 500 $aIn testa al front : A. M. D. MQ. G. 650 4$aFrancesco : di Sales - Scritti spirituali.$0(OLS)http://semarc/subject/4225 700 1 $aFrançois : de Sales,$c.$0(OLS)http://semarc/name/1031 850 $aSeMil 852 $aSeMil$W1$xVenegono$y1$m3F III 122$j136017$B136017$CSeMilBibl$Z2$F147580 $81 996 $6245$aL'anima in Dio :$boperetta ascetica fatta sullo studio del Trattato dell'Amor di Dio di S. Francesco di Sales$9(OLS)http://semarc/title/266285 996 $6260$aBrescia :$bQueriniana$9(OLS)http://semarc/publisher/29615 996 $6260$a[S.l.] :$bLibreria Editrice Vescovile$9(OLS)http://semarc/publisher/49845